5HLuxD.jpg

KING HENRY VIII SENIOR AND PRIMARY SCHOOL LIBRARY OPAC

THE HORROR AT HAPPY LANDINGS (Record no. 4967)

000 -LEADER
fixed length control field 00570cam a2200193 i 4500
008 - FIXED-LENGTH DATA ELEMENTS--GENERAL INFORMATION
fixed length control field 200619s2019 caua c 6 000 1 eng d
010 ## - LIBRARY OF CONGRESS CONTROL NUMBER
LC control number 2020289466
020 ## - INTERNATIONAL STANDARD BOOK NUMBER
International Standard Book Number 9781684155118 (B&N exclusive)
020 ## - INTERNATIONAL STANDARD BOOK NUMBER
International Standard Book Number 1684155118 (B&N exclusive)
020 ## - INTERNATIONAL STANDARD BOOK NUMBER
International Standard Book Number 9781684154166
020 ## - INTERNATIONAL STANDARD BOOK NUMBER
International Standard Book Number 1684154162
050 00 - LIBRARY OF CONGRESS CALL NUMBER
Classification number PZ7.7.S7525
Item number Sc 2019
082 00 - DEWEY DECIMAL CLASSIFICATION NUMBER
Classification number 741.5 STI
Edition number 23
100 1# - MAIN ENTRY--PERSONAL NAME
Personal name Stine, R. L.,
Relator term writer.
245 14 - TITLE STATEMENT
Title THE HORROR AT HAPPY LANDINGS
250 ## - EDITION STATEMENT
Edition statement Barnes & Noble exclusive edition.
300 ## - PHYSICAL DESCRIPTION
Extent 1 volume (unpaged) :
Other physical details color illustrations ;
Dimensions 23 cm.
942 ## - ADDED ENTRY ELEMENTS (KOHA)
Source of classification or shelving scheme
Holdings
Withdrawn status Lost status Source of classification or shelving scheme Damaged status Not for loan Collection code Permanent Location Current Location Shelving location Date acquired Total Checkouts Full call number Barcode Date last seen Date last checked out Price effective from Koha item type Public note
          Fiction KH8 Primary School Library KH8 Primary School Library Fiction 2025-04-28 4 741.5 STI KHPL000006916 2025-12-05 2025-09-17 2025-04-28 Books - Fiction KH8 PRIMARY LIBRARY
          Fiction KH8 Primary School Library KH8 Primary School Library Fiction 2025-04-28 7 741.5 STI KHPL000006917 2026-04-15 2026-03-09 2025-04-28 Books - Fiction KH8 PRIMARY LIBRARY
          Fiction KH8 Primary School Library KH8 Primary School Library Fiction 2025-04-28   741.5 STI KHPL000006919 2025-12-05   2025-04-28 Books - Fiction KH8 PRIMARY LIBRARY

Powered By KH8 IT Dept